000
00299nam a22001217a 4500
003
OSt
005
20241128143956.0
008
241128b |||||||| |||| 00| 0 eng d
040
_c
245
_a
Applied Physics
_c
Maiti,Kakuli A
260
_b
Nirali Prakashan
_c
2024
942
_2
ddc
_c
BK
_k
530/MAI
_m
MAI
_n
0
999
_c
36114
_d
36114